| 000 | 01409nam a22002777a 4500 | ||
|---|---|---|---|
| 001 | 1420 | ||
| 005 | 20250530113643.0 | ||
| 020 | _a9789996305092 | ||
| 040 |
_aFISKH _beng _cFISKH _dFISKH |
||
| 082 | _a591.59 | ||
| 100 | _aCristian Havard | ||
| 245 |
_aសត្វនៅវាលស្មោង / _cនិពន្ធដោយ Christian Havard - គូររូបដោយ Catherine Fichaux |
||
| 250 | _aបោះពុម្ពលើកទី ៥ កក្កដា ២០២១ | ||
| 260 |
_aToulouse : _bSipar, _c2000. |
||
| 300 |
_a37 pages : _ccolor illustrations ; _e25 cm |
||
| 490 | _aស្វែងយល់ពី | ||
| 505 | _aZ | ||
| 520 | _aបង្ហាញពីប្រភេទសត្វខុសៗគ្នានៅក្នុងវាលស្មោង អំពីការរស់នៅ រូបរាងលក្ខណៈ និងចំណីអាហារដែលពួកវាស៊ី។ | ||
| 520 | _aDescribe the different species of animals on the grassland about their life, appearance, characteristics, and the food they eat. | ||
| 521 |
_a890
_bLexile estimate |
||
| 521 |
_aZ
_bRaz-Plus |
||
| 650 |
_aGrassland animals _vFood _xAppearance |
||
| 650 |
_aសត្វនៅវាលស្មោង _vចំណីាអាហារ _xរូបរាង |
||
| 700 |
_aFichaux, Catherine _cillustrator |
||
| 942 |
_2ddc _cBK _n0 |
||
| 999 |
_c1420 _d1420 |
||